00334 2200145 4500001002100000005001500021035002000036245004300056100001200099300001200111260003100123082000800154084001400162990001200176INLIS00000000000230720250528085057 a0010-05250005991 aDari Fontenay Ke Magalianes /cNH Dini0 aNH Dini a139 hlm aJakarta :bGramedia,c2005 a813 a813 NH d a0713397